Normal view MARC view
  • Smith, Mark

Entry Personal Name

Number of records used in: 3

001 - CONTROL NUMBER

  • control field: 81239

003 - CONTROL NUMBER IDENTIFIER

  • control field: NUST

005 - DATE AND TIME OF LATEST TRANSACTION

  • control field: 20210804154912.0

008 - FIXED-LENGTH DATA ELEMENTS

  • fixed length control field: 210804|| aca||aabn | a|a d

040 ## - CATALOGING SOURCE

  • Original cataloging agency: NUST
  • Transcribing agency: NUST

100 ## - HEADING--PERSONAL NAME

  • Personal name: Smith, Mark

670 ## - SOURCE DATA FOUND

  • Source citation: Work cat.: (NUST)0: Bonten, Christian, author. 81238, Plastics technology :
© 2023 Central Library, National University of Sciences and Technology. All Rights Reserved.